Uniform building code (Record no. 36779)

MARC details
000 -LEADER
fixed length control field 00383nam a2200157Ia 4500
020 ## - INTERNATIONAL STANDARD BOOK NUMBER
ISBN 0896- 9655
050 ## - CALL MARK
Classification number KL 160 .C6/
245 #0 - TITLE STATEMENT
Title Uniform building code
260 ## - PUBLICATION, DISTRIBUTION, ETC. (IMPRINT)
Place of publication California
260 ## - PUBLICATION, DISTRIBUTION, ETC. (IMPRINT)
Name of publisher International conference of building officials
260 ## - PUBLICATION, DISTRIBUTION, ETC. (IMPRINT)
Year of publication 1991
300 ## - PHYSICAL DESCRIPTION
Number of Pages 1050 p
942 ## - ADDED ENTRY ELEMENTS (KOHA)
Koha item type Books
Holdings
Withdrawn status Lost status Source of classification or shelving scheme Damaged status Not for loan Permanent Location Current Location Date acquired Accession Number Price effective from Koha item type
    Library of Congress Classification     Law Library Law Library 04/23/2025 0004741 04/23/2025 Books